Méthodes de projection à long treme de l'offre et de la demande de main d'oeuvre qualifiée

-д хадгалсан:
Номзүйн дэлгэрэнгүй
Үндсэн зохиолчид: Goldstein, Harold (Зохиогч), Swerdloff, Sol (Зохиогч)
Формат: Ном
Хэл сонгох:франц
Хэвлэсэн: París UNESCO 1968
Нөхцлүүд:
Шошгууд: Шошго нэмэх
Шошго байхгүй, Энэхүү баримтыг шошголох эхний хүн болох!

MARC

LEADER 00000nam a2200000 a 4500
001 UCR9443
003 CL-VaPUC
008 980613e19680000FR |||||||||||||||||fre|d
082 0 4 |a 331.12  |b GOL  |2 21 
100 0 |a Goldstein, Harold  |e author  |9 411998 
700 0 |a Swerdloff, Sol  |e author  |9 411999 
245 1 0 |a Méthodes de projection à long treme de l'offre et de la demande de main d'oeuvre qualifiée 
300 |a 50 p 
942 |c BK 
945 |d 19980613 00:00:00  |a crobeson 
260 |a París  |b UNESCO  |c 1968 
650 7 |a MANO DE OBRA  |2 CL-VaPUC  |9 315053 
650 0 |a Oferta y demanda  |9 255571 
650 0 |a Mercado laboral   |9 375911 
650 0 |a Empleo  |9 339124 
650 0 |a Análisis estadístico  |9 269506 
650 7 |a PROYECCION DEMOGRAFICA  |2 CL-VaPUC  |9 343209 
583 |a last modification  |c 19980613 00:00:00  |k Rodrigo Vera 
999 |c 270638  |d 270636